| 000 | 00657nam a2200241Ia 4500 | ||
|---|---|---|---|
| 005 | 20251020182442.0 | ||
| 008 | 200515s9999 xx 000 0 und d | ||
| 020 | _a84-7114-890-0 | ||
| 082 | _a528.83/P75 | ||
| 100 | _aPolidura Fernández, Francisco Javier | ||
| 245 | 0 | _aTopografía, Geodesia y Cartografía aplicadas a la Ingeniería : Problemas resueltos ajustados por mínimos cuadrados | |
| 260 | _aMadrid | ||
| 260 | _bMundi-Prensa | ||
| 260 | _c2000 | ||
| 300 | _a365 p. | ||
| 300 | _bil., tbl., graf. | ||
| 500 | _a1 ejemplar | ||
| 650 | _aCARTOGRAFIA | ||
| 650 | _aGEODESIA | ||
| 650 | _aTOPOGRAFIA | ||
| 942 | _cLIB | ||
| 999 |
_c585 _d585 |
||